Alternativas a la prisión : su viabilidad en las legislaciones centroamericanas, española y mexicana /

Contenido: La pena y sus teorías; El Estado social y democrático de derecho como paradigma. La doble función de su derecho penal: prevención y garantía; La crisis de la pena privativa de libertad en el moderno sistema de penas. La búsqueda de alternativas; Bases teóricas de la alternatividad; El cam...

Olles dieđut

Furkejuvvon:
Bibliográfalaš dieđut
Váldodahkki: Sanz Mulas, Nieves (autor)
Materiálatiipa: Girji
Giella:espánnjágiella
Almmustuhtton: México : Instituto Nacional de Ciencias Penales, 2004, c2004
Fáttát:
Fáddágilkorat: Lasit fáddágilkoriid
Eai fáddágilkorat, Lasit vuosttaš fáddágilkora!

MARC

LEADER 00000nam^a2200000^a^4500
001 000177724
005 20250521000000.0
009 20260310101725.154
020 |a 970-768-011-3 
037 |a Acervo ITESO - Biblioteca 
041 |a ESP 
082 |a 345. 80077  |b SAN 
100 |a Sanz Mulas, Nieves  |e (autor) 
245 1 0 |a Alternativas a la prisión :  |b su viabilidad en las legislaciones centroamericanas, española y mexicana /  |c N. Sanz Mulas ; pról. de Ignacio Berdugo Gómez de la Torre. 
264 4 |a México :  |b Instituto Nacional de Ciencias Penales,  |c 2004, c2004 
300 |a 837 p. 
336 |a texto  |b txt  |2 rdacontenido 
337 |a sin mediación  |b n  |2 rdamedio 
338 |a volumen  |b nc  |2 rdasoporte 
520 |a Contenido: La pena y sus teorías; El Estado social y democrático de derecho como paradigma. La doble función de su derecho penal: prevención y garantía; La crisis de la pena privativa de libertad en el moderno sistema de penas. La búsqueda de alternativas; Bases teóricas de la alternatividad; El camino de la suspensión; La vía de la sustitución; Consideraciones críticas respecto de las alternativas a la prisión. 
649 |a XX 
650 |a Pena (Derecho) -  |x Teoría 
650 |a Pena (Derecho) -  |z México 
650 |a Pena (Derecho) -  |z América Central 
650 |a Pena (Derecho) -  |z España 
650 |a Derecho Penal -  |x Teoría 
650 |a Derecho Penal -  |z México 
650 |a Derecho Penal -  |z América Central 
650 |a Derecho Penal -  |z España 
650 |a Derecho Público -  |z México 
650 |a Derecho Público -  |z América Central 
650 |a Derecho Público -  |z España 
910 |a Fondo General 
920 |a Impresos - Libros 
930 |a Colección General 
905 |a 101 
901 |a 0500116665  |b IT1  |c ACC  |u 20250521 
902 |a https://opac.biblio.iteso.mx/vufind/Record/000177724